Az alkoholizmus neurobiológiai vonatkozásai

Elmentve itt :
Bibliográfiai részletek
Szerző: Szabó Gyula
Dokumentumtípus: Cikk
Megjelent: 1999
Sorozat:MAGYAR ALAPELLÁTÁSI ARCHÍVUM 2 No. 2
Tárgyszavak:
mtmt:1230894
Online Access:http://publicatio.bibl.u-szeged.hu/31484
LEADER 00628nab a2200193 i 4500
001 publ31484
005 20250213161558.0
008 250213s1999 hu o 000 hun d
022 |a 1419-0249 
024 7 |a 1230894  |2 mtmt 
040 |a SZTE Publicatio Repozitórium  |b hun 
041 |a hun 
100 1 |a Szabó Gyula 
245 1 3 |a Az alkoholizmus neurobiológiai vonatkozásai  |h [elektronikus dokumentum] /  |c  Szabó Gyula 
260 |c 1999 
300 |a 94-100 
490 0 |a MAGYAR ALAPELLÁTÁSI ARCHÍVUM  |v 2 No. 2 
650 4 |a Klinikai orvostan 
856 4 0 |u http://publicatio.bibl.u-szeged.hu/31484/1/aok_klny_468_99.pdf  |z Dokumentum-elérés